000 00854nam a2200229 i 4500
001 187280
003 SpMaBN
005 20230906222850.0
008 170522s1988 ck f |||| |dspa d
080 _a821.134.2(861)-94"19"
100 1 _aFigueroa Lorza, Jennie.
_9162777
245 1 0 _aHuellas del camino
_b: anécdotas de las encuestas para el "ALEC" /
_cJennie Figueroa Lorza.
246 3 _aAtlas lingüístico-etnografico de Colombia
260 _aBogotá :
_bInstituto Caro y Cuervo,
_c1988.
300 _a145 p., XX h. de lám. ;
_c20 cm.
490 1 _aLa granada entreabierta ;
_v46
594 _a"ALEC": Atlas lingüístico-etnográfico de Colombia.
710 2 _aInstituto Caro y Cuervo.
_94806
830 0 _aLa granada entreabierta ;
_v46
_9192760
852 _aES-MaACL
_jL-31630
_z. - Donat. Viuda Antonio Tovar
999 _c187280
_d187280